| 000 | 00778cam a2200277 4500 | ||
|---|---|---|---|
| 008 | 090401t1986 xxu||||| |||| 00| 0 eng d | ||
| 020 | _a0854062629 | ||
| 035 | _a(Sirsi) u40554 | ||
| 041 | _aeng | ||
| 050 | _a692.9 | ||
| 090 | _aRICS 1986/28 ABCD | ||
| 100 | _aGoodridge, D.B. | ||
| 245 | _aTendering procedure for specialist sub-contractors | ||
| 260 |
_aLondon _bSurveyors Publications _c1986 |
||
| 300 | _a23p. ; 30cm. | ||
| 350 | _a2 | ||
| 490 |
_aTechnical papers on quantity surveying _vtopics |
||
| 520 | _aPublished on behalf of the Royal Institution of Chartered Surveyors . | ||
| 700 | _aEnsom, A.C. | ||
| 700 | _aMack, S.F. | ||
| 700 | _aPhelphs, I.C. | ||
| 700 | _aReading, M. | ||
| 700 | _aScott, P.M.D. | ||
| 942 | _n0 | ||
| 948 | _c04/03/1997 | ||
| 999 |
_c90870 _d90870 |
||